| 000 | 02408cam a2200649 i 4500 | ||
|---|---|---|---|
| 001 | 52757 | ||
| 003 | KOSZ 005 | ||
| 005 | 20250820063550.0 | ||
| 008 | 250818s1997 pl a f 000 0 pol | ||
| 015 | _aUWD 1998/5587 | ||
| 020 | _a8301123044 | ||
| 035 | _a991003598549705066 | ||
| 035 | _a(PL-WaBN)b10963728-48omnis_nlop | ||
| 035 | _ab10963728 | ||
| 035 | _a(OCoLC)749375219 | ||
| 035 | _azz2004906889 | ||
| 035 | _a(PL)b0000001096372 | ||
| 035 | _a(EXLNZ-48OMNIS_NETWORK)9910353194805606 | ||
| 040 |
_aWA N _cWA N _dKOSZ 005/RW |
||
| 046 | _k1997 | ||
| 080 | _a004.032.26 | ||
| 080 | _a004.75 | ||
| 080 | _a007.5 | ||
| 080 | _a519.7 | ||
| 080 | _a519.876.5 | ||
| 245 | 0 | 0 |
_aSieci neuronowe, algorytmy genetyczne i systemy rozmyte / _cDanuta Rutkowska, Maciej Piliński, Leszek Rutkowski. |
| 250 | _aWydanie I. | ||
| 260 |
_aWarszawa : _bWydawnictwo Naukowe PWN, _c1997. |
||
| 300 |
_a410, [1] stron : _bfotografie, rysunki, wykresy ; _c24 cm. |
||
| 336 |
_aTekst _btxt _2rdacontent |
||
| 337 |
_aBez urządzenia pośredniczącego _bn _2rdamedia |
||
| 338 |
_aWolumin _bnc _2rdacarrier |
||
| 380 | _aKsiążki | ||
| 380 | _aPublikacje dydaktyczne | ||
| 380 | _aPublikacje naukowe | ||
| 385 |
_mPoziom nauczania _aSzkoły wyższe |
||
| 388 | 1 | _a1901-2000 | |
| 388 | 1 | _a1989-2000 | |
| 504 | _aBibliografia przy rozdziałach. | ||
| 521 | 8 | _aPublikacja jest adresowana do studentów, przedstawicieli nauki, inżynierów w takich dziedzinach, jak : informatyka, elektronika, automatyka i robotyka, biocybernetyka i inżynieria biomedyczna, fizyka, matematyka stosowana oraz ekonomia. | |
| 650 | 7 |
_aAlgorytmy genetyczne _2DBN |
|
| 650 | 7 |
_aSymulacja _2DBN |
|
| 650 | 7 |
_aSztuczna sieć neuronowa _2DBN |
|
| 650 | 7 |
_aZastosowanie i wykorzystanie _2DBN |
|
| 650 | 7 |
_aZbiór rozmyty _2DBN |
|
| 655 | 7 | _aOpracowanie | |
| 658 | _aInformatyka i technologie informacyjne | ||
| 658 | _aInżynieria i technika | ||
| 658 | _aMatematyka | ||
| 700 | 1 |
_aPiliński, Maciej _eAutor |
|
| 700 | 1 |
_aRutkowska, Danuta _c(informatyk) _eAutor |
|
| 700 | 1 |
_aRutkowski, Leszek _c(nauki techniczne) _eAutor |
|
| 710 | 2 |
_aWydawnictwo Naukowe PWN _4pbl |
|
| 856 |
_uhttps://koha.tu.koszalin.pl/cgi-bin/koha/opac-detail.pl?biblionumber=52757 _yKatalog online BPK |
||
| 942 |
_2UKD _cKS |
||
| 999 |
_c52757 _d52757 |
||